00490nam a22001577a 450000500170000000800410001702000150005804100130007308200150008610000480010124500610014925000210021026000410023130000350027265000250030720231031083752.0231031b |||||||| |||| 00| 0 eng d a0421205903 aEnglish  a347.6 PHI  aBuzzard, JH, May R and Howard MN lEnglish  aPhipson on Evidence / cJH Buzzard, R May and MN Howard  aTwelfth Edition  aLondon : bSweet and Maxwell, c1976 bcxciii, 1014 pages ; c26 cm.  alegal practice bLaw